Poblacion y desarrollo en America Latina /

Bibliographic Details
Other Authors: Urquidi, Víctor L., Morelos, José B.
Format: Book
Language:Spanish
Published: Mexico : Colegio de Mexico, 1979.
Edition:1a ed.
Series:Colección Centro de Estudios Económicos y Demográficos ; 7.
Subjects:

MARC

Tag First Indicator Second Indicator Subfields
LEADER 00000cam a2200000 a 4500
001 in00000076753
005 20151008053751.0
008 791018s1979 mx a bs 00000 spam
010 |a  79115388  
020 |a 9681200144 
035 |a (OCoLC)05728051 
035 |9 AAH8575AM 
040 |a DLC  |c DLC  |d m.c.  |d TXA  |d UtOrBLW 
043 |a cl----- 
049 |a TXAM  |c [1654669] 
050 0 0 |a HB3530.5  |b .P59 
245 0 0 |a Poblacion y desarrollo en America Latina /  |c compiladores, Victor L. Urquidi y Jose B. Morelos. 
250 |a 1a ed. 
264 1 |a Mexico :  |b Colegio de Mexico,  |c 1979. 
300 |a ix, 481 pages :  |b illustrations ;  |c 22 cm. 
336 |a text  |b txt  |2 rdacontent 
337 |a unmediated  |b n  |2 rdamedia 
338 |a volume  |b nc  |2 rdacarrier 
490 1 |a Coleccion Centro de Estudios Economicos y Demograficos ;  |v 7 
504 |a Includes bibliographies. 
650 0 |a Birth control  |z Latin America. 
651 0 |a Latin America  |x Population. 
651 0 |a Latin America  |x Economic conditions  |y 1945- 
651 0 |a Latin America  |x Population policy. 
700 1 |a Urquidi, Víctor L. 
700 1 |a Morelos, José B. 
830 0 |a Colección Centro de Estudios Económicos y Demográficos ;  |v 7. 
999 |a MARS 
999 f f |s 25e199b0-3b8e-33d7-b26e-6a959e94efed  |i 8ab9c36a-5e76-39f8-88ed-d572aa9db953  |t 0 
952 f f |p ric  |a Texas A&M University  |b Rellis Campus  |c Joint Library Facility  |d Remote Storage  |t 0  |e HB3530.5 .P59  |h Library of Congress classification  |i unmediated -- volume  |m A14806120627 
998 f f |a HB3530.5 .P59  |t 0  |l Remote Storage